[Event "HUN-chT2 Toth 1011"]
[Site "Hungary"]
[Date "2011.04.10"]
[Round "8.3"]
[White "Szekeres, Sebestyen"]
[Black "Gosztolya, Ferenc"]
[Result "1-0"]
[WhiteElo "2131"]
[BlackElo "2117"]
[PlyCount "115"]
[EventDate "2010.09.12"]
[EventType "team-tourn"]
[EventRounds "11"]
[EventCountry "HUN"]
[SourceTitle "EXT 2012"]
[Source "ChessBase"]
[SourceDate "2011.11.24"]
[SourceVersion "1"]
[SourceVersionDate "2011.11.24"]
[SourceQuality "1"]
[WhiteTeam "Csongrad Felegyhaza"]
[BlackTeam "Bekes"]
[WhiteTeamCountry "HUN"]
[BlackTeamCountry "HUN"]

1. e4 c5 2. Nf3 d6 3. Nc3 g6 4. Bc4 Bg7 5. 0-0 Nc6 6. Re1 e6 7. Bb5 a6 8. Bxc6+ bxc6 9. e5 d5 10. d4 cxd4 11. Qxd4 Qc7 12. Na4 Rb8 13. b3 Bf8 14. Bg5 Rb4 15. Qd2 h6 16. Be3 c5 17. a3 Rb7 18. Nb2 g5 19. Qc1 Ne7 20. h3 Ng6 21. Nd3 Rb8 22. Rb1 a5 23. c4 d4 24. Bd2 Bb7 25. Nh2 Be7 26. Re2 Nh4 27. f3 Rg8 28. Qe1 Ra8 29. Qg3 Nf5 30. Qe1 h5 31. Rf2 Ng7 32. g4 Rh8 33. Qc1 Qd8 34. b4 axb4 35. axb4 cxb4 36. Bxb4 hxg4 37. Bxe7 Qxe7 38. hxg4 Rc8 39. Qb2 Ba6 40. Qxd4 Qd7 41. Qe3 Bxc4 42. Nb2 Qd8 43. Rc1 Ba6 44. Rxc8 Bxc8 45. Rd2 Qc7 46. Qxg5 Qc5+ 47. Kg2 Kf8 48. Nd3 Qc4 49. Qd8+ Ne8 50. Nf2 Qf4 51. Nf1 Ba6 52. Ng3 Bb7 53. Rd3 Qxe5 54. Rd7 Bc6 55. Qe7+ Kg7 56. Qxf7+ Kh6 57. Re7 Ng7 58. Nf5+ 1-0

[Event "HUN-chT2 Toth 1011"]
[Site "Hungary"]
[Date "2010.10.24"]
[Round "4.3"]
[White "Lorinczy, Laszlo"]
[Black "Gosztolya, Ferenc"]
[Result "0-1"]
[WhiteElo "1948"]
[BlackElo "2117"]
[PlyCount "74"]
[EventDate "2010.09.12"]
[EventType "team-tourn"]
[EventRounds "11"]
[EventCountry "HUN"]
[SourceTitle "EXT 2012"]
[Source "ChessBase"]
[SourceDate "2011.11.24"]
[SourceVersion "1"]
[SourceVersionDate "2011.11.24"]
[SourceQuality "1"]
[WhiteTeam "Abony"]
[BlackTeam "Bekes"]
[WhiteTeamCountry "HUN"]
[BlackTeamCountry "HUN"]

1. d4 g6 2. c4 c5 3. d5 b5 4. e4 b4 5. f4 d6 6. Nf3 Bg7 7. Nbd2 Nd7 8. Bd3 e5 9. dxe6 fxe6 10. 0-0 Ne7 11. Ng5 Nf8 12. Ndf3 h6 13. Nh3 e5 14. Rb1 Bxh3 15. gxh3 exf4 16. Bxf4 Ne6 17. Bg3 0-0 18. Bc2 Nd4 19. Nxd4 Bxd4+ 20. Kg2 Rxf1 21. Qxf1 Kg7 22. Qd3 Qd7 23. Rf1 Rf8 24. Rxf8 Kxf8 25. b3 Qe6 26. Bd1 Kg7 27. Bg4 Qf6 28. Qf3 Be5 29. Qxf6+ Kxf6 30. Bh4+ g5 31. Bf2 Bf4 32. h4 Ke5 33. Bf3 Ng8 34. hxg5 hxg5 35. h4 gxh4 36. Bxh4 Kd4 37. Kf2 Kc3 0-1